Départements du Massif Central - Statistiques

Statistiques générales
  • Ce quiz a été pris 6 426 fois
  • Le résultat moyen est 15 sur 22
Statistiques - réponses
Départements % Correct
15 | Cantal
91%
63 | Puy-de-Dôme
90%
42 | Loire
88%
03 | Allier
86%
19 | Corrèze
81%
23 | Creuse
81%
43 | Haute-Loire
81%
07 | Ardèche
78%
12 | Aveyron
77%
69 | Rhône
76%
48 | Lozère
75%
46 | Lot
68%
81 | Tarn
64%
11 | Aude
63%
30 | Gard
62%
82 | Tarn-et-Garonne
60%
34 | Hérault
58%
58 | Nièvre
57%
87 | Haute-Vienne
57%
71 | Saône-et-Loire
55%
21 | Côte-d'Or
51%
89 | Yonne
49%
Aucun quiz correspondant
Distribution des résultats
% des personnes avec chaque résultat
Percentile par nombre de réponses
Votre historique - résultats
Vous n’avez pas pris ce quiz